000 00301nam a2200121Ia 4500
008 191201s2009 xx 000 0 und d
100 _aSALVATORE, Dominick
245 0 _aManagerial Economics Principles and World
260 _aN. Delhi
_bOxford
_c2009
300 _a666
650 _aMBA
942 _2ddc
_cBK
999 _c192
_d192